| 000 -LEADER |
| fixed length control field |
00713pam a2200217 a 4500 |
| 040 ## - CATALOGING SOURCE |
| Transcribing agency |
DLC |
| 082 00 - DEWEY DECIMAL CLASSIFICATION NUMBER |
| Classification number |
338 FOR 1986 A072 Or. |
| 245 00 - TITLE STATEMENT |
| Title |
1984 farm and ranch irrigation survey. |
| 260 ## - PUBLICATION, DISTRIBUTION, ETC. (IMPRINT) |
| Place of publication |
[Washington, D.C.] : |
| Name of publisher |
U.S. Dept. of Commerce, Bureau of the Census : |
| -- |
For sale by Supt. of Docs., U.S. G.P.O., |
| Year of publication |
[1986] |
| 300 ## - PHYSICAL DESCRIPTION |
| Number of Pages |
xvii, 85, 4 p. : |
| Other physical details |
ill. ; |
| Dimensions |
28 cm. |
| 490 1# - SERIES STATEMENT |
| Series statement |
Special report series ; |
| 500 ## - GENERAL NOTE |
| General note |
"Prepared for U.S. Department of Agriculture, Economic Research Service." |
| 500 ## - GENERAL NOTE |
| General note |
"Issued June 1986." |
| 650 #0 - SUBJECT ADDED ENTRY--TOPICAL TERM |
| Topical Term |
Irrigation farming |
| 650 #0 - SUBJECT ADDED ENTRY--TOPICAL TERM |
| Topical Term |
Irrigation |
| 650 #0 - SUBJECT ADDED ENTRY--TOPICAL TERM |
| Topical Term |
Farms |
| 650 #0 - SUBJECT ADDED ENTRY--TOPICAL TERM |
| Topical Term |
Ranches |
| 650 #0 - SUBJECT ADDED ENTRY--TOPICAL TERM |
| Topical Term |
Agricultural surveys |
| 710 1# - ADDED ENTRY--CORPORATE NAME |
| Corporate name or jurisdiction name as entry element |
United States. |
| 942 ## - ADDED ENTRY ELEMENTS (KOHA) |
| Koha item type |
សៀវភៅភាសាអង់គ្លេស |
| 952 ## - LOCATION AND ITEM INFORMATION (KOHA) |
| Withdrawn status [LOCAL, KOHA] |
0 |
| 952 ## - LOCATION AND ITEM INFORMATION (KOHA) |
| Withdrawn status [LOCAL, KOHA] |
0 |
| 952 ## - LOCATION AND ITEM INFORMATION (KOHA) |
| Withdrawn status [LOCAL, KOHA] |
0 |